000 00474nam a22001457a 4500
005 20120420151029.0
020 _a8176481076
_c00.00
035 _aA-991581
037 _aDPL
_bENG
100 _aGhosh, P.A.
_945518
245 _aEthnic conflict in Sri Lanka and role of Indian peace keeping force (IPKF) /
_cby P.A. Ghosh
260 _aNew Delhi
_bA.P.H. Publishing Corporation
_c1999
300 _axxv, 215p.
_c20 cms.
942 _2ddc
_cEN
_h305.89540548
_mGHO
999 _c65394
_d65394